MARC

LEADER 00000nas a22000007a 4500
001 ssj0004936
003 WaSeSS
005 20200512172242.0
006 m d
007 cr n
008 821221c19829999mouwn p s 0 a0eng c
010 |a sn 82008437   |z sn 82008433  
022 |l 0736-0576  |y 0736-0576 
032 |a 756170  |b USPS 
035 |a (WaSeSS)ssj0004936 
037 |b Scholastic News, 2931 E. McCarty St., PO Box 3710, Jefferson City, MO 65102-9957 
040 |a NSD  |b eng  |c NSD  |d OCL  |d NSD  |d OCLCQ  |d CUS  |d OCLCQ  |d OCLCF  |d OCLCO  |d AU@  |d OCLCQ  |d WaSeSS 
042 |a nsdp  |a pcc 
050 1 4 |a AP201 
050 1 4 |a LB1583.5 
082 1 0 |a 051  |2 12 
130 0 |a Scholastic news (Trails edition) 
210 0 |a Scholast. news  |b (Trails ed.) 
222 0 |a Scholastic news  |b (Trails ed.) 
245 1 0 |a Scholastic news  |h [electronic resource]. 
246 1 3 |a Scholastic news trails 
250 |a Trails ed. 
260 |a [New York, NY] :  |b [Scholastic Inc.],  |c [©1982]- 
310 |a Weekly during the school year (except holidays and midterm) 
362 0 |a Vol. 39, no. 1 (Sept. 10, 1982)- 
500 |a "Trails," <May 14, 1993-> 
500 |a Edition statement varies: Trails ed., 1982-19 ; Ed. 3, <May 14, 1993-> 
500 |a Place of publication varies: Jefferson City, MO, <May 14, 1993-> 
500 |a Accompanied by separately page & supplement called Teachers' edition. 
506 |a License restrictions may limit access. 
521 8 |a Also designated "3" to indicate grade level of material. 
588 |a Description based on surrogate; title from cover. 
588 |a Latest issue consulted: Vol. 49, no. 25 (May 14, 1993). 
650 0 |a Current events  |v Periodicals. 
650 7 |a Current events.  |2 fast  |0 (OCoLC)fst00885350 
655 0 |a Electronic journals. 
780 0 0 |t Scholastic news trails  |x 0028-9361  |w (DLC)sn 78002240  |w (OCoLC)4398227 
856 4 0 |z Full text available from Research Library: 02/01/1998 to 05/31/2015  |u https://search.proquest.com/publication/5822 
856 4 0 |z Full text available from Research Library: 02/01/1998 to 05/31/2015  |u https://search.proquest.com/publication/8010 
856 4 0 |z Full text available from Research Library: 02/09/1998 to 05/11/2015  |u https://search.proquest.com/publication/8011 
856 4 0 |z Full text available from Research Library: 02/23/1998 to 05/11/2015  |u https://search.proquest.com/publication/8009